Dynamické vlastnosti osy C pro multifunkční soustružnické centrum = Dynamic behaviours of the C axis drive for multifunction cutting center : zkrácená verze Ph.D. Thesis /

Main Author: Křepela, Jan, 1979-
Corporate Author: Vysoké učení technické v Brně. Ústav výrobních strojů, systémů a robotiky
Language: Czech
Published: [V Brně : Vysoké učení technické], c2011
Series: Vědecké spisy Vysokého učení technického v Brně. PhD Thesis, sv. 617
Subjects:
Physical Description: 28 s. : il. ; 21 cm
Language note: Anglické resumé
Book
Saved in:
LEADER 02237nam a2200517 a 4500
001 nkc20112173476
003 CZ PrNK
005 20120215085632.0
007 ta
008 111108s2011 xr a f m 000 0 cze
015 |a cnb002173476 
020 |a 978-80-214-4258-0  |q (brož.) 
035 |a (OCoLC)768556009 
040 |a ABA001  |b cze 
041 0 |a cze  |b eng 
072 7 |a 621  |x Strojírenství  |2 Konspekt  |9 19 
080 |a 621.941  |2 MRF 
080 |a 531.8  |2 MRF 
080 |a (043.3)  |2 MRF 
080 |a (048.3)  |2 MRF 
100 1 |a Křepela, Jan,  |d 1979-  |7 jo2011668667  |4 dis 
245 1 0 |a Dynamické vlastnosti osy C pro multifunkční soustružnické centrum =  |b Dynamic behaviours of the C axis drive for multifunction cutting center : zkrácená verze Ph.D. Thesis /  |c Jan Křepela 
246 3 1 |a Dynamic behaviours of the C axis drive for multifunction cutting center 
260 |a [V Brně :  |b Vysoké učení technické],  |c c2011 
300 |a 28 s. :  |b il. ;  |c 21 cm 
490 1 |a Vědecké spisy Vysokého učení technického v Brně. PhD Thesis,  |x 1213-4198 ;  |v sv. 617 
500 |a "Obor: Konstrukční a procesní inženýrství" 
500 |a Zkrácená verze disertace (Ph.D.)--Vysoké učení technické v Brně, Fakulta strojního inženýrství, Ústav výrobních strojů, systémů a robotiky, 2011 
504 |a Obsahuje bibliografie 
546 |a Anglické resumé 
650 0 7 |a soustružení  |7 ph125879  |2 czenas 
650 0 7 |a dynamika strojů  |7 ph574981  |2 czenas 
650 0 9 |a turning  |2 eczenas 
650 0 9 |a machine dynamics  |2 eczenas 
655 7 |a disertace  |7 fd132024  |2 czenas 
655 7 |a teze  |7 fd133701  |2 czenas 
655 9 |a dissertations  |2 eczenas 
655 9 |a abstracts  |2 eczenas 
710 2 |a Vysoké učení technické v Brně.  |b Ústav výrobních strojů, systémů a robotiky  |7 kn20020808059 
810 2 |a Vysoké učení technické v Brně.  |t Vědecké spisy.  |p PhD Thesis  |0 s 
910 2 |a BOA001  |b 2-1279.330 
990 |a BK 
995 |a 01 
991 |b 201202  |c NOV  |e n 
996 6 |b 2610500532  |c 2-1279.330  |l MZK  |r Sklad / do 1 hodiny  |n 0  |p p.v.  |w 001224956  |u 000010  |a 1  |e BOA001  |j MZK50  |s P 
996 7 |b 2610500533  |c 2-1279.330  |l MZK  |r Sklad / do 1 hodiny  |n 1  |p p.v.  |w 001224956  |u 000020  |a 1  |e BOA001  |j MZK50  |s A